LIBRARY & INFORMATION CENTRE, KCAET, TAVANUR

ONLINE PUBLIC ACCESS CATALOGUE (OPAC)

Joseph Conrad / (Record no. 6275)

MARC details
000 -LEADER
fixed length control field 00359cam a2200145ua 4500
041 ## - LANGUAGE CODE
Language code of text/sound track or separate title eng
082 ## - DEWEY DECIMAL CLASSIFICATION NUMBER
Classification number 928.23
Item number BAI/JO
100 ## - MAIN ENTRY--AUTHOR NAME
Personal name Baines, Jocelyn .
245 ## - TITLE STATEMENT
Title Joseph Conrad /
260 ## - PUBLICATION, DISTRIBUTION, ETC. (IMPRINT)
Place of publication London :
Name of publisher Neidenfield and Nicolson ,
Year of publication 1960.
300 ## - PHYSICAL DESCRIPTION
Number of Pages 507 ; .
942 ## - ADDED ENTRY ELEMENTS (KOHA)
Koha item type Books
Holdings
Withdrawn status Lost status Damaged status Home library Current library Date acquired Cost, normal purchase price Full call number Accession Number Koha item type Public note
Withdrawn     KAUAET Malayalam University 07/04/2012 42.00 928.23 7092 Books Transferred to Malayalam University
free website counter